| 000 | 00839cam a2200181 i 4500 | ||
|---|---|---|---|
| 005 | 20251203101149.0 | ||
| 008 | 250721s1999 le gr 000 0 ara d | ||
| 082 | 1 | 4 |
_a214.2 _bع ب د |
| 100 | 1 |
_aعبد الوهاب، عبد الرحمن بن حسن بن محمد _d(1193-1285ه). _eمؤلف. |
|
| 245 | 1 | 0 |
_aفتح المجيد لشرح كتاب التوحيد / _cتاليف عبد الرحمن بن حسن بن محمد بن عبدالوهاب ؛ تعليقات سماحة الشيخ ابن باز والفقي. |
| 250 | _aالطبعه الاولى، طبعه جديده مقارنه بالطبعات السابقه. | ||
| 264 | 3 | 1 |
_aبيروت : _bدار ابن حزم، _c1999. |
| 300 | _a544صفحه. | ||
| 650 | 1 | 7 | _aالعقيدة الدينية. |
| 650 | 1 | 7 | _aالتوحيد. |
| 942 |
_2ddc _cBK |
||
| 999 |
_c32994 _d32994 |
||